Žiškov bez Vacátka

Bibliographic Details
Format: Article
Language:Slovak
Subjects:

MARC

LEADER 00000nab a2200000 ar4500
001 vtls009472620
003 SK-MaSNL
005 20260303053405.0
008 090213c19740523xo |r|p|||||||000 b|slo
015 |a SNBRB1974 
038 |a SNKBUCL 
040 |a SNKBUCL  |b slo  |c SNKBUCL  |e AACR2 
041 |a slo 
044 |a xo  |c SK 
080 |a 792.071.2  |2 1997 
080 |a 791.44.071.2  |2 1997 
245 0 0 |a Žiškov bez Vacátka  |c [autor] (tm) 
600 1 7 |a Marvan, Jaroslav,  |d 1901-1974  |2 snkbucl  |9 114143 
655 7 |a nekrológy  |2 snkbucl  |9 402542 
773 0 |t Večerník  |g (23.5.1974), s. 5 
852 |a SNK  |b KIS3GCP 
958 |a BC 
999 |c 1719021  |d 1720951